Southville International School and Colleges
Your cart is empty.
  • Cart
  • Lists
    Public lists Eva Luna New books Lux_list list_1
    Your lists Log in to create your own lists
  • Log in to your account
  • Your cookies
  • Search history
Southville International School and Colleges
  • Advanced search
  • Recent comments
  • Most popular
  • Libraries

Log in to your account

Log in with GOOGLE


If you do not have an external account, but do have a local account, you can still log in:

  1. Home
  2. MARC view: Biographies of Distinguished Scientific Men :
Normal view MARC view ISBD view

Biographies of Distinguished Scientific Men : (Record no. 246030)

[ view plain ]
MARC details
000 -LEADER
fixed length control field 00940cam a22002773a 4500
001 - CONTROL NUMBER
control field 16775
003 - CONTROL NUMBER IDENTIFIER
control field PGUSA
005 - DATE AND TIME OF LATEST TRANSACTION
control field 20140828083346.0
008 - FIXED-LENGTH DATA ELEMENTS--GENERAL INFORMATION
fixed length control field 050930s2005||||xxu|||||s|||||000 | eng d
040 ## - CATALOGING SOURCE
Original cataloging agency PGUSA
Language of cataloging eng
042 ## - AUTHENTICATION CODE
Authentication code dc
050 #4 - LIBRARY OF CONGRESS CALL NUMBER
Classification number Q
100 1# - MAIN ENTRY--PERSONAL NAME
Personal name Arago, François,
Dates associated with a name 1786-1853
245 10 - TITLE STATEMENT
Title Biographies of Distinguished Scientific Men :
Remainder of title First Series
Medium [electronic resource] /
Statement of responsibility, etc François Arago
260 ## - PUBLICATION, DISTRIBUTION, ETC. (IMPRINT)
Name of publisher, distributor, etc Project Gutenberg,
Date of publication, distribution, etc 2005
505 0# - FORMATTED CONTENTS NOTE
Formatted contents note The history of my youth; an autobiography of Francis Arago -- Bailly -- Herschel -- Laplace -- Joseph Fourier.
506 ## - RESTRICTIONS ON ACCESS NOTE
Terms governing access Public domain in the USA.
516 ## - TYPE OF COMPUTER FILE OR DATA NOTE
Type of computer file or data note Electronic text
653 ## - INDEX TERM--UNCONTROLLED
Uncontrolled term Scientists -- Biography
700 1# - ADDED ENTRY--PERSONAL NAME
Personal name Powell, Baden,
Dates associated with a name 1796-1860
700 1# - ADDED ENTRY--PERSONAL NAME
Personal name Grant, Robert,
Dates associated with a name 1814-1892
700 1# - ADDED ENTRY--PERSONAL NAME
Personal name Smyth, W. H.
Fuller form of name (William Henry),
Dates associated with a name 1788-1865
830 #0 - SERIES ADDED ENTRY--UNIFORM TITLE
Uniform title Project Gutenberg
Volume number/sequential designation 16775
856 40 - ELECTRONIC LOCATION AND ACCESS
Uniform Resource Identifier <a href="http://www.gutenberg.org/ebooks/16775">http://www.gutenberg.org/ebooks/16775</a>
942 ## - ADDED ENTRY ELEMENTS (KOHA)
Koha item type eBooks
Holdings
Withdrawn status Lost status Damaged status Home library Current library Date acquired Total Checkouts Date last seen Price effective from Koha item type
      Project Gutenberg Project Gutenberg 08/28/2014   08/28/2014 08/28/2014 eBooks

Biographies of Distinguished Scientific Men :

APA

Arago F., Powell B., Grant R. & Smyth W. H. (2005). Biographies of Distinguished Scientific Men. : Project Gutenberg.

Chicago

Arago François, Powell Baden, Grant Robert and Smyth W H. 2005. Biographies of Distinguished Scientific Men. : Project Gutenberg.

Harvard

Arago F., Powell B., Grant R. and Smyth W. H. (2005). Biographies of Distinguished Scientific Men. : Project Gutenberg.

MLA

Arago François, Powell Baden, Grant Robert and Smyth W H. Biographies of Distinguished Scientific Men. : Project Gutenberg. 2005.

  • Place hold
  • Print
  • Cite
  • Add to your cart (remove)
  • Save record
    BIBTEX Dublin Core MARCXML MARC (non-Unicode/MARC-8) MARC (Unicode/UTF-8) MARC (Unicode/UTF-8, Standard) MODS (XML) RIS
  • More searches
    Search for this title in:
    Other Libraries (WorldCat) Other Databases (Google Scholar) Online Stores (Bookfinder.com) Open Library (openlibrary.org)

Exporting to Dublin Core...

SOUTHVILLE LIBRARY

Southville International School and Colleges Library

1281 Tropical Ave. Cor. Luxembourg St., BF Homes International, Las Pinas City

Tel. No. 8256374 / 252358 Loc. 117/146

Powered by Koha